| 000 | 00581nam a22001577a 4500 | ||
|---|---|---|---|
| 999 |
_c61068 _d61068 |
||
| 005 | 20231213123944.0 | ||
| 008 | 231213s1970 ru ||||| |||| 00| 0 rus d | ||
| 041 | _arus | ||
| 080 | _a94(495) A-16 | ||
| 100 |
_a Абрамян, А. _920698 |
||
| 245 |
_aАнания Ширакаци / _cА. Г. Абрамян, Г. Б. Петросян. |
||
| 264 |
_aЕреван: _bИздательство Ереванского университета, _c 1970. |
||
| 300 |
_a175 с.; _b20 cm. |
||
| 700 |
_aПетросян, Г. Б _eავტორი _920699 |
||
| 942 |
_2udc _cᲬᲘᲒᲜᲘ |
||